00481nam a2200169Ia 4500003000400000008004100004040001600045082001800061100002600079245005800105300001000163490003500173650002800208650003000236650001500266650003000281GCL140319s9999 xx 000 0 ara d aGCL / cGCL04a813.01bع ط1 aعائد خصباك10aالطائر والنهر / cعائد خصباك a89 ص aمختارات الفصولv004aالادب العربى04aالقصص العربية04aالادب04aالقصة القصيرة